| 000 | 00966nam a2200217Ia 4500 | ||
|---|---|---|---|
| 003 | IN-BaIIA | ||
| 008 | 211028s9999 xx 000 0 eng d | ||
| 040 | _cIIA Library | ||
| 080 |
_a523.945(082.2) _bIAU-C36 |
||
| 111 |
_aInternational Astronomical Union Colloquium _cFrance _d1976 Sept. 6-10 _912898 |
||
| 245 | 4 |
_aThe energy balance and hydrodynamics of the solar chromosphere and corona _bproceedings of the International Astronomical Union Colloquium No.36 held at the Faculte Des Sciences De Nice September 6-10, 1976 _cedited by R. M. Bonnet and P. H. Delache |
|
| 260 |
_aFrance _bG De Bussac Clermont-Ferrand _c1976 |
||
| 300 | _a504p. | ||
| 490 | _aIAU Colloquium; no. 36 | ||
| 500 | _aDonated by Mrs. Bappu | ||
| 650 | _aAstronomy and Astrophysics Thesaurus | ||
| 700 |
_aBonnet, R. M., ed. _99513 |
||
| 700 |
_aDelache, P. H. ed. _912899 |
||
| 710 | _aInternational Astronomical Union | ||
| 942 | _cBK | ||
| 999 |
_c7625 _d7625 |
||